000
00355cam a2200145ua 4500
041
_a
eng
_h
082
_a
823.301
_b
AUS/SE
100
_a
Austen, Jane .
245
_a
Sense and sensibility /
_c
Jane Austen.
_h
Textual Documents
260
_a
London :
_b
Longman ,
_c
1963.
300
_a
156 ; .
942
_c
BK
999
_c
3898
_d
3898